| 000 | 00524nam a2200193 i 4500 | ||
|---|---|---|---|
| 001 | 145559 | ||
| 003 | ES-MaACL | ||
| 005 | 20230906201246.0 | ||
| 007 | t| | ||
| 008 | 071015s1967 ve ||||1| spa d | ||
| 080 | _a86-821"19" | ||
| 100 | 1 |
_aBarrio, Juan Ventura. _925996 |
|
| 245 | 1 | 0 |
_aAquí está el cráneo de Goya / _cJuan Ventura Barrio. |
| 260 |
_aVenezuela : _bCaribe, _c[1967] |
||
| 300 |
_a44 p. ; _c19 cm. |
||
| 852 | 4 |
_aES-MaACL _j2054-F-8 |
|
| 852 | 4 |
_aES-MaACL _j2054-F-9 |
|
| 852 | 4 |
_aES-MaACL _j2054-F-10 |
|
| 999 |
_c145559 _d145559 |
||